|
|
|
|
| LEADER |
00000nam0a2200000 4500 |
| 001 |
350946 |
| 005 |
20231102010344.0 |
| 035 |
|
|
|a (RuTPU)RU\TPU\retro\5345
|
| 090 |
|
|
|a 350946
|
| 100 |
|
|
|a 20190315d1935 km y0rusy50 ca
|
| 101 |
1 |
|
|a rus
|c eng
|
| 102 |
|
|
|a RU
|
| 105 |
|
|
|a a z 001zy
|
| 200 |
1 |
|
|a Передача электрической энергии объединенными сетями
|e пер. с англ.
|f С. Даннат, Дальглейш
|
| 210 |
|
|
|a Москва
|a Ленинград
|c ОНТИ НКТП СССР
|c Главная редакция энергетической литературы
|d 1935
|
| 215 |
|
|
|a 363 с.
|c ил.
|
| 316 |
|
|
|5 63413507: КР-6301
|a На переднем форзаце владельческая подпись: "А. Воробьев"
|
| 317 |
|
|
|5 63413507: КР-6301
|a Поступила в НТБ в 1987 г. в дар от вдовы ученого Е. К. Завадовской
|
| 320 |
|
|
|a Библиография в конце глав
|
| 320 |
|
|
|a Предметный указатель: с. 360-363
|
| 606 |
1 |
|
|a Электрическая энергия
|x Передача на расстояние
|2 stltpush
|3 (RuTPU)RU\TPU\subj\26887
|9 50721
|
| 610 |
1 |
|
|a воздушные линии электропередачи
|
| 610 |
1 |
|
|a константы
|
| 610 |
1 |
|
|a подземные кабельные линии
|
| 610 |
1 |
|
|a корона
|
| 610 |
1 |
|
|a электрические сети
|
| 610 |
1 |
|
|a расчет
|
| 610 |
1 |
|
|a объединенные энергосистемы
|
| 610 |
1 |
|
|a передающие системы
|
| 610 |
1 |
|
|a мощность
|
| 610 |
1 |
|
|a устойчивость
|
| 610 |
1 |
|
|a каналы связи
|
| 610 |
1 |
|
|a заземленная нейтраль
|
| 610 |
1 |
|
|a изолированная нейтраль
|
| 610 |
1 |
|
|a библиотека А. А. Воробьева
|
| 610 |
1 |
|
|a дары библиотеке
|
| 610 |
1 |
|
|a владельческая надпись
|
| 675 |
|
|
|a 621.315.1.05
|v 4
|
| 700 |
|
1 |
|a Даннат
|b С.
|g Сесиль
|
| 701 |
|
1 |
|a Дальглейш
|
| 801 |
|
1 |
|a RU
|b 63413507
|c 20190315
|
| 801 |
|
2 |
|a RU
|b 63413507
|c 20200603
|g RCR
|
| 942 |
|
|
|c BK
|